[Event "Gothenburg op"]
[Site "Gothenburg"]
[Date "2022.08.13"]
[Round "5"]
[White "Rasti, Arvin"]
[Black "Asbrink, Adam"]
[Result "1-0"]
[WhiteElo "2156"]
[BlackElo "1977"]
[PlyCount "45"]
[EventDate "2022.08.12"]
[EventType "swiss"]
[EventRounds "8"]
[EventCountry "SWE"]
[SourceTitle "CBM 209 Extra"]
[Source "ChessBase"]
[SourceDate "2022.09.30"]
[SourceVersion "1"]
[SourceVersionDate "2022.09.30"]
[SourceQuality "1"]

1. d4 d5 2. Nf3 Nf6 3. c4 c6 4. Qc2 dxc4 5. e4 b5 6. b3 cxb3 7. axb3 e6 8. Bd2 a5 9. Bd3 Be7 10. 0-0 h6 11. Rc1 Bb7 12. Nc3 Na6 13. Nxb5 cxb5 14. Bxb5+ Kf8 15. Bxa5 Qb8 16. Ne5 Bxe4 17. Nd7+ Nxd7 18. Qxe4 Nf6 19. Qc6 Kg8 20. Bxa6 Kh7 21. b4 Bxb4 22. Bxb4 Qxb4 23. Bd3+ 1-0

[Event "Prague Golden Blitz op 17th"]
[Site "Prague"]
[Date "2022.07.16"]
[Round "1"]
[White "Asbrink, Adam"]
[Black "Trunecka, Tomas"]
[Result "1-0"]
[WhiteElo "1977"]
[BlackElo "1447"]
[PlyCount "49"]
[EventDate "2022.07.16"]
[EventType "swiss (blitz)"]
[EventRounds "11"]
[EventCountry "CZE"]
[SourceTitle "CBM 209 Extra"]
[Source "ChessBase"]
[SourceDate "2022.09.30"]
[SourceVersion "1"]
[SourceVersionDate "2022.09.30"]
[SourceQuality "1"]

1. d4 d5 2. Nc3 Nf6 3. Bf4 a6 4. e3 e6 5. Nf3 Bb4 6. Bd3 h6 7. 0-0 Nbd7 8. a3 Ba5 9. b4 Bb6 10. Na4 c6 11. c4 dxc4 12. Bxc4 0-0 13. Nc5 Nd5 14. Bg3 Bc7 15. Rc1 Bxg3 16. hxg3 Nxc5 17. bxc5 Qa5 18. Qb3 Rb8 19. Bxd5 exd5 20. Rb1 Qc7 21. Ne5 Bf5 22. Rb2 Be4 23. Qb6 Qe7 24. Qa7 Rfd8 25. Nxc6 1-0

[Event "Prague Golden Blitz op 17th"]
[Site "Prague"]
[Date "2022.07.16"]
[Round "9"]
[White "Asbrink, Adam"]
[Black "Zvacek, Antonin"]
[Result "1-0"]
[WhiteElo "1977"]
[BlackElo "1704"]
[PlyCount "104"]
[EventDate "2022.07.16"]
[EventType "swiss (blitz)"]
[EventRounds "11"]
[EventCountry "CZE"]
[SourceTitle "CBM 209 Extra"]
[Source "ChessBase"]
[SourceDate "2022.09.30"]
[SourceVersion "1"]
[SourceVersionDate "2022.09.30"]
[SourceQuality "1"]

1. d4 d5 2. Nc3 Nf6 3. Bf4 a6 4. e3 e6 5. g4 h6 6. Qf3 c6 7. Bd3 Bd6 8. 0-0-0 b5 9. Kb1 a5 10. e4 Bxf4 11. Qxf4 Na6 12. exd5 Nxd5 13. Nxd5 exd5 14. Re1+ Kf8 15. Nf3 Qc7 16. Ne5 Be6 17. Ng6+ Kg8 18. Qxc7 Nxc7 19. Nxh8 Kxh8 20. Bf5 g6 21. Bxe6 Nxe6 22. c3 Kg7 23. Kc2 c5 24. dxc5 Nxc5 25. Rd1 Rd8 26. f3 Ne6 27. Rd4 Nxd4+ 28. cxd4 Rd6 29. Kd3 Rf6 30. Ke3 Rc6 31. Kd3 Kf6 32. Re1 Re6 33. Rc1 Kg5 34. Rc7 f6 35. Rc5 Kf4 36. Rxd5 Re3+ 37. Kd2 Rxf3 38. Rxb5 Rf2+ 39. Kc3 a4 40. h3 a3 41. bxa3 Rxa2 42. Kb3 Rh2 43. a4 Rxh3+ 44. Kb4 Ke4 45. a5 Rh1 46. a6 Kxd4 47. a7 Rb1+ 48. Ka5 Ra1+ 49. Kb6 h5 50. gxh5 gxh5 51. Ra5 Rb1+ 52. Ka6 Rb7 1-0

[Event "Prague Golden Blitz op 17th"]
[Site "Prague"]
[Date "2022.07.16"]
[Round "4"]
[White "Kharchenko, Michail"]
[Black "Asbrink, Adam"]
[Result "1-0"]
[WhiteElo "1837"]
[BlackElo "1977"]
[PlyCount "66"]
[EventDate "2022.07.16"]
[EventType "swiss (blitz)"]
[EventRounds "11"]
[EventCountry "CZE"]
[SourceTitle "CBM 209 Extra"]
[Source "ChessBase"]
[SourceDate "2022.09.30"]
[SourceVersion "1"]
[SourceVersionDate "2022.09.30"]
[SourceQuality "1"]

1. b3 d5 2. Bb2 Bf5 3. e3 e6 4. d4 Nf6 5. f3 Bg6 6. Nc3 c5 7. Bb5+ Nc6 8. Nge2 Rc8 9. dxc5 Bxc5 10. Nd4 0-0 11. Bxc6 bxc6 12. Na4 Be7 13. 0-0 c5 14. Ne2 c4 15. Bd4 Nd7 16. Rc1 Ba3 17. Bb2 Bxb2 18. Nxb2 Qa5 19. a4 cxb3 20. cxb3 Nc5 21. Rc3 Qb4 22. Qd4 Qxd4 23. Nxd4 Nd7 24. Rfc1 Nb6 25. Nc6 Rc7 26. a5 Na8 27. b4 a6 28. Na4 Rb7 29. Nc5 Rb5 30. Nxa6 h5 31. Nd4 Rb7 32. b5 Kh7 33. b6 Nxb6 1-0